000 00685cam a22002413a 4500
001 14832
003 PGUSA
005 20140828083322.0
008 050129s2005||||xxu|||||s|||||000 1 eng d
040 _aPGUSA
_beng
042 _adc
050 4 _aPR
100 1 _aOxenham, John,
_d1852-1941
245 1 2 _aA Maid of the Silver Sea
_h[electronic resource] /
_cJohn Oxenham
260 _bProject Gutenberg,
_c2005
506 _aPublic domain in the USA.
516 _aElectronic text
653 _aSark (Channel Islands) -- Fiction
700 1 _aCopping, Harold,
_d1863-1932
830 0 _aProject Gutenberg
_v14832
856 4 0 _uhttp://www.gutenberg.org/ebooks/14832
942 _cEB
999 _c244087
_d244087